| 000 | 00831cam a22002653a 4500 | ||
|---|---|---|---|
| 001 | 1929 | ||
| 003 | PGUSA | ||
| 005 | 20140828083008.0 | ||
| 008 | 991001s1999||||xxu|||||s|||||000 | eng d | ||
| 040 |
_aPGUSA _beng |
||
| 042 | _adc | ||
| 050 | 4 | _aPR | |
| 100 | 1 |
_aSheridan, Richard Brinsley, _d1751-1816 |
|
| 245 | 1 | 4 |
_aThe School for Scandal _h[electronic resource] / _cRichard Brinsley Sheridan |
| 260 |
_bProject Gutenberg, _c1999 |
||
| 506 | _aPublic domain in the USA. | ||
| 516 | _aElectronic text | ||
| 653 | _aNobility -- England -- History -- 18th century -- Drama | ||
| 653 | _aComedies | ||
| 653 | _aEngland -- Social life and customs -- 18th century -- Drama | ||
| 653 | _aEnglish drama -- 18th century | ||
| 830 | 0 |
_aProject Gutenberg _v1929 |
|
| 856 | 4 | 0 | _uhttp://www.gutenberg.org/ebooks/1929 |
| 942 | _cEB | ||
| 999 |
_c231271 _d231271 |
||